Danzas del Cusco : didáctica para su enseñanza / | El Ayarachi : grupo Kuntur Chaya Ayarachi de Paratía / | Representación de la esclavitud en danzas peruanas / (Record no. 20988)

000 -CABECERA
fixed length control field 01120nam a22002417a 4500
003 - IDENTIFICADOR DEL NÚMERO DE CONTROL
control field AR-CdUCM
008 - DATOS DE LONGITUD FIJA--INFORMACIÓN GENERAL
fixed length control field 190723b ||||| |||| 00| 0 spa d
020 ## - NÚMERO INTERNACIONAL ESTÁNDAR DEL LIBRO
ISBN 9972-601-24-2
040 ## - FUENTE DE LA CATALOGACIÓN
Agencia/entidad que catalogó originalmente la obra MUNICIPALIDAD PROVINCIAL DEL CUSCO
Entidad que transcribió la catalogación BIBLIOTECA MUNICIPAL DEL CUSCO
082 ## - NÚMERO DE LA CLASIFICACIÓN DECIMAL DEWEY
No. de Clasificación 793.31 /
Notacion interna P57
100 ## - ENTRADA PRINCIPAL--NOMBRE DE PERSONA
Nombre Personal Pilco Loayza, Amós David
245 ## - MENCIÓN DE TÍTULO
Título Danzas del Cusco : didáctica para su enseñanza /
-- El Ayarachi : grupo Kuntur Chaya Ayarachi de Paratía /
-- Representación de la esclavitud en danzas peruanas /
260 ## - PUBLICACIÓN, DISTRIBUCIÓN, ETC.
Lugar de publicación, distribución, etc. Cusco :
Nombre de la editorial, distribuidor, etc. Pontificia universidad católica del Perú,
Fecha de publicación, distribución, etc. 1998.
300 ## - DESCRIPCIÓN FÍSICA
Nº de Páginas Extensión 128 páginas ;
Otros detalles físicos ilustraciones ;
Dimensiones 29 cm.
505 ## - NOTA DE CONTENIDO CON FORMATO
Nota de contenido formateada Contenido : Danzas del Cusco, didáctica para su enseñanza -- El Ayarachi: grupo Kuntur Chaya Ayarachi de Paratía -- Representación de la esclavitud en danzas peruana.
650 ## - PUNTO DE ACCESO ADICIONAL DE MATERIA--TÉRMINO DE MATERIA
Descriptor Danzas
9 (RLIN) 14459
650 ## - PUNTO DE ACCESO ADICIONAL DE MATERIA--TÉRMINO DE MATERIA
Descriptor Folklor
9 (RLIN) 8776
700 ## - PUNTO DE ACCESO ADICIONAL--NOMBRE DE PERSONA
Nombre Personal Leonardini Herane, Nanda
9 (RLIN) 43778
700 ## - PUNTO DE ACCESO ADICIONAL--NOMBRE DE PERSONA
Nombre Personal Salas Carreño, Guillermo
9 (RLIN) 43779
942 ## - ELEMENTOS DE PUNTO DE ACCESO ADICIONAL (KOHA)
Fuente de clasificación
Tipo de item Libros-BMC
945 ## - PROCESAMIENTO DE INFORMACIÓN LOCAL (OCLC)
Catalogador zta
Holdings
Estado de retiro (separado) Fuente de clasificación o esquema de estanterías Estado dañado Ubicación Sala donde se ubica Nombre de la colección Fecha de adquisición o compra Signatura topográfica Código de Barras Última vez visto (Koha) Tipo de ítem (Koha)
No     Sala Artes Sala Artes Book Cart 2019-07-23 793.31 / P57 SA0000000685 2019-07-23 Libros-BMC

Powered by Koha